Eminem Charting Albums (Billboard Hot 200) - Statistics

General Stats
  • This quiz has been taken 18 times
  • The average score is 11 of 13
Answer Stats
Year Weeks on Peak Album % Correct
2018 73 #1 Kamikaze
100%
2000 173 #1 The Marshall Mathers LP
100%
2013 189 #1 The Marshall Mathers LP 2
100%
1999 105 #2 The Slim Shady LP
100%
2004 54 #1 Encore
93%
2020 121 #1 Music To Be Murdered By
93%
2009 90 #1 Relapse
93%
2002 443 #1 The Eminem Show
93%
2010 322 #1 Recovery
87%
2017 31 #1 Revival
80%
2024 33 #1 The Death Of Slim Shady
80%
2022 59 #6 Curtain Call 2
67%
2005 742 #1 Curtain Call: The Hits
60%
No matching quizzes found
Score Distribution
Percent of People with Each Score
Percentile by Number Answered
Your Score History
You have not taken this quiz